000 00504cam a2200169 4500500
005 20260405001126.0
041 _afre
042 _adc
100 1 0 _aDuru, Martin
_eauthor
245 0 0 _aDocteur Cru & Mister Cuit
260 _c2011.
500 _a79
690 _aCivilisation
690 _aCuit
786 0 _nPhilosophie magazine | 50 | 6 | 2011-06-01 | p. 16-18 | 1951-1787
856 4 1 _uhttps://shs.cairn.info/magazine-philosophie-magazine-2011-6-page-16?lang=fr&redirect-ssocas=7080
999 _c2044323
_d2044323